000 01019nam a2200265Ia 4500
003 OSt
005 20221005110331.0
006 a|||||r|||| 00| 0
007 ta
008 221004b |||||||| |||| 00| 0 hin d
020 _a9788179759479 (hbk)
_cINR 900.00
024 _a43362
037 _b57, 20/02/2019, Mallika Books
_cTextual
040 _aCRL
_cCRL
_bhin
041 _2hin
_ahin
082 _a4, 152Q8
100 _aभगत, अभय कुमार, ले.
_9169266
245 0 _aआपातकालीन पत्रकारिता की संघर्ष - गाथा
246 _aĀpātakālīn patrakāritā kī sangharṣha - gāthā
260 _aनई दिल्ली
_bअनामिका पब्लिशर्स भारत
_c2018
300 _a319पृ0
_ccm.
650 _aपत्रकारिता
942 _h4, 152Q8
_cTEXL
_2cc
999 _c1018478
_d1018478